Material & heat treatment (Record no. 390)

000 -LEADER
fixed length control field 00489nam a22001577a 4500
008 - FIXED-LENGTH DATA ELEMENTS--GENERAL INFORMATION
fixed length control field 150504b xxu||||| |||| 00| 0 eng d
020 ## - INTERNATIONAL STANDARD BOOK NUMBER
International Standard Book Number 030430929x
050 ## - LIBRARY OF CONGRESS CALL NUMBER
Classification number TA 459 .H33 1982
050 ## - LIBRARY OF CONGRESS CALL NUMBER
Classification number TA 459 .H33 1982
100 ## - MAIN ENTRY--PERSONAL NAME
Personal name Hackworth,E.
Dates associated with a name 1982
245 ## - TITLE STATEMENT
Title Material & heat treatment
Statement of responsibility, etc. Hackworth,E.
260 ## - PUBLICATION, DISTRIBUTION, ETC. (IMPRINT)
Place of publication, distribution, etc. Newyork:
Name of publisher, distributor, etc. Cassel ltd,
Date of publication, distribution, etc. 1982.
300 ## - PHYSICAL DESCRIPTION
Extent 112p.
Other physical details Index
440 ## - SERIES STATEMENT/ADDED ENTRY--TITLE
Title Material & heat treatment
942 ## - ADDED ENTRY ELEMENTS (KOHA)
Source of classification or shelving scheme
Koha item type Hard Covered Materials
Classification part TA 459 .H33 1982
Call number prefix TA
Call number suffix 459 .H33 1982
Holdings
Withdrawn status Lost status Source of classification or shelving scheme Damaged status Not for loan Home library Current library Date acquired Source of acquisition Total Checkouts Full call number Barcode Date last seen Price effective from Koha item type
          MACHAKOS UNIVERSITY LIBRARY MACHAKOS UNIVERSITY LIBRARY 09/12/2015 DONATION (BFA)   TN 672 .H33 1982 2027 06/02/2023 09/12/2015 Hard Covered Materials
© Machakos University Library, Along The Highway, Machakos Wote Rd, Machakos, Kenya P.O. Box 136 - 90100 Machakos - Kenya

Tel: ( +254 ) 723 805829 OR Fax : 044-20353 OR Email: library@mksu.ac.ke